000 00899nam a22002177a 4500
999 _c2959
_d2959
003 AR-CdUCM
008 190305b ||||| |||| 00| 0 spa d
040 _aMUNICIPALIDAD PROVINCIAL DEL CUSCO
_cBIBLIOTECA MUNICIPAL DEL CUSCO
082 _a331.88 /
_bT281
100 _aTemoche Benítez, Ricardo
_910139
245 _aManual del sindicalista :
_b historia, doctrina, palabrario /
260 _aLima :
_bStudium,
_c1989.
300 _a244 paginas ;
_c21 cm.
505 _aLos trabajadores peruanos -- Microbiografias de nuestros luchadores sociales -- Tópicos sindicales elementales -- El sindicato, situación Constitucional y legal -- Síntesis del movimiento obrero internacional
650 _aSindicalismo
_95257
650 _aDerechos de los obreros
_910140
650 _aMovimientos de obreros
_910141
650 _aTrabajadores peruanos
_910142
942 _2ddc
_cLIBROS
945 _awnts